The littles go to school / (Record no. 4534)

MARC details
000 -LEADER
fixed length control field 01019nam a22003017a 4500
001 - CONTROL NUMBER
control field 4534
003 - CONTROL NUMBER IDENTIFIER
control field FISKH
005 - DATE AND TIME OF LATEST TRANSACTION
control field 20250829144956.0
008 - FIXED-LENGTH DATA ELEMENTS--GENERAL INFORMATION
fixed length control field 240913b cb ||||| |||| 00| 0 eng d
020 ## - INTERNATIONAL STANDARD BOOK NUMBER
International Standard Book Number 0590421298
040 ## - CATALOGING SOURCE
Original cataloging agency FISKH
Language of cataloging eng
Transcribing agency FISKH
Modifying agency FISKH
050 ## - LIBRARY OF CONGRESS CALL NUMBER
Classification number PZ7.P4445
082 ## - DEWEY DECIMAL CLASSIFICATION NUMBER
Edition number 813
100 ## - MAIN ENTRY--PERSONAL NAME
Personal name Peterson, John
Dates associated with a name (1924–2002)
245 ## - TITLE STATEMENT
Title The littles go to school /
Statement of responsibility, etc. by John Peterson Illustrated by Roberta Carter Clark Cover illustration by Jacqueline Rogers
250 ## - EDITION STATEMENT
Edition statement Published in 1983
260 ## - PUBLICATION, DISTRIBUTION, ETC.
Place of publication, distribution, etc. New York :
Name of publisher, distributor, etc. Scholastic,
Date of publication, distribution, etc. 1983.
300 ## - PHYSICAL DESCRIPTION
Extent 71 pages :
Other physical details illustrations ;
Dimensions 20cm
505 ## - FORMATTED CONTENTS NOTE
Formatted contents note P<br/>
520 ## - SUMMARY, ETC.
Summary, etc. The children of a family of tiny people accidentally travel to the big children's school when they are trapped in a gerbil's cage.
521 8# - TARGET AUDIENCE NOTE
Target audience note 610<br/><br/>
Source Lexile<br/>
521 8# - TARGET AUDIENCE NOTE
Target audience note P<br/>
Source Raz-Plus<br/>
650 ## - SUBJECT ADDED ENTRY--TOPICAL TERM
Source of heading or term School
Topical term or geographic name entry element The Littles
650 ## - SUBJECT ADDED ENTRY--TOPICAL TERM
Source of heading or term Early reader
Topical term or geographic name entry element Fantasy fiction
Form subdivision Kids
700 ## - ADDED ENTRY--PERSONAL NAME
Personal name Clark, Roberta Carter
Dates associated with a name Illustrator
942 ## - ADDED ENTRY ELEMENTS (KOHA)
Source of classification or shelving scheme Dewey Decimal Classification
Koha item type Books
Suppress in OPAC No
Holdings
Withdrawn status Lost status Source of classification or shelving scheme Damaged status Not for loan Collection Home library Current library Shelving location Date acquired Total Checkouts Full call number Barcode Date last seen Copy number Price effective from Koha item type Date last checked out
    Dewey Decimal Classification     Juvenile Fiction Footprints International School Library Network Toul Tom Poung Campus Footprints International School Library Network Toul Tom Poung Campus TTP Primary Yellow Bookshelves 09/13/2024   PET 813 PZ7.P4445 2024-1955 09/13/2024 1 09/13/2024 Books  
    Dewey Decimal Classification     Juvenile Fiction Footprints International School Library Network Toul Tom Poung Campus Footprints International School Library Network Toul Tom Poung Campus TTP Primary Yellow Bookshelves 08/29/2025 2 PET 813 PZ7.P4445 2025-4316 09/29/2025 2 08/29/2025 Books 09/29/2025